Grey Owl (Record no. 405484)

MARC details
000 -LEADER
fixed length control field 00243nam a2200097Ia 4500
082 ## - DEWEY DECIMAL CLASSIFICATION NUMBER
Classification number T 920 GREY
008 - FIXED-LENGTH DATA ELEMENTS--GENERAL INFORMATION
fixed length control field 210817s9999 xx 000 0 und d
100 ## - MAIN ENTRY--PERSONAL NAME
Personal name SHIPTON, Vicky Harlow, 2003
9 (RLIN) 96487
245 #0 - TITLE STATEMENT
Title Grey Owl
942 ## - ADDED ENTRY ELEMENTS
item type Books

No items available.